000 00228 a2200097 4500
001 47911
100 _aDegras J
245 _aThe Communist International
260 _aLondon
_bOxford University Press
_c
090 _c30906
_d30906
942 _aNUST-CAE
_cM
_c23232
999 _c282984
_d282984